<?xml version="1.0" encoding="UTF-8"?>
<record
    xmlns:xsi="http://www.w3.org/2001/XMLSchema-instance"
    xsi:schemaLocation="http://www.loc.gov/MARC21/slim http://www.loc.gov/standards/marcxml/schema/MARC21slim.xsd"
    xmlns="http://www.loc.gov/MARC21/slim">

  <leader>00816nam a22001577a 4500</leader>
  <controlfield tag="003">OSt</controlfield>
  <controlfield tag="005">20151113154525.0</controlfield>
  <controlfield tag="008">151113b        xxu||||| |||| 00| 0 eng d</controlfield>
  <datafield tag="040" ind1=" " ind2=" ">
    <subfield code="c">RUA</subfield>
  </datafield>
  <datafield tag="082" ind1=" " ind2=" ">
    <subfield code="a">FOR VUN 2009 B138 Or.1</subfield>
  </datafield>
  <datafield tag="100" ind1=" " ind2=" ">
    <subfield code="9">3657</subfield>
    <subfield code="a">VUN, LENGCHHUN.</subfield>
  </datafield>
  <datafield tag="245" ind1=" " ind2=" ">
    <subfield code="a">Sivilcultural practice (pruning) for stem improvement of stands in opea odorata provenanecs trial at rua, &#x179C;&#x17B7;&#x1792;&#x17B6;&#x1793;&#x1794;&#x1785;&#x17D2;&#x1785;&#x17C1;&#x1780;&#x1791;&#x17C1;&#x179F;&#x179A;&#x17BB;&#x1780;&#x17D2;&#x1781;&#x179C;&#x1794;&#x17D2;&#x1794;&#x1780;&#x1798;&#x17D2;&#x1798; (&#x1780;&#x17D2;&#x179A;&#x17B8;&#x1798;&#x17C2;&#x1780;) &#x1794;&#x178A;&#x17BE;&#x1798;&#x17D2;&#x1794;&#x17B8;&#x1780;&#x17C2;&#x179B;&#x17C6;&#x17A2;&#x1791;&#x17C6;&#x179A;&#x1784;&#x17CB;&#x178A;&#x17BE;&#x1798;&#x200B; &#x1793;&#x17C3;&#x178A;&#x17C6;&#x178E;&#x17BB;&#x17C7;&#x1788;&#x17BE;&#x1780;&#x17D2;&#x1793;&#x17BB;&#x1784;&#x1785;&#x17C6;&#x1780;&#x17B6;&#x179A;&#x1796;&#x17BC;&#x1787;&#x1782;&#x1782;&#x17B8;&#x179A;&#x1794;&#x17D2;&#x179A;&#x17B6;&#x17C6; &#x1794;&#x17D2;&#x179A;&#x1797;&#x1796;&#x1780;&#x17C6;&#x178E;&#x17BE;&#x178F;&#x1780;&#x17D2;&#x1793;&#x17BB;&#x1784;&#x1794;&#x179A;&#x17B7;&#x179C;&#x17C1;&#x178E; &#x179F;.&#x179C;.&#x1797;.&#x1780;</subfield>
  </datafield>
  <datafield tag="260" ind1=" " ind2=" ">
    <subfield code="a">Phnom Penh</subfield>
    <subfield code="b">RUA</subfield>
    <subfield code="c">2009</subfield>
  </datafield>
  <datafield tag="300" ind1=" " ind2=" ">
    <subfield code="a">xii; 42p.</subfield>
    <subfield code="b">ill.</subfield>
    <subfield code="c">29cm.</subfield>
  </datafield>
  <datafield tag="942" ind1=" " ind2=" ">
    <subfield code="2">ddc</subfield>
    <subfield code="c">FOR</subfield>
  </datafield>
  <datafield tag="999" ind1=" " ind2=" ">
    <subfield code="c">3405</subfield>
    <subfield code="d">3405</subfield>
  </datafield>
  <datafield tag="952" ind1=" " ind2=" ">
    <subfield code="0">0</subfield>
    <subfield code="1">0</subfield>
    <subfield code="2">ddc</subfield>
    <subfield code="4">0</subfield>
    <subfield code="6">FOR_VUN_2009_000000000000000_B138_OR_1</subfield>
    <subfield code="7">0</subfield>
    <subfield code="9">16136</subfield>
    <subfield code="a">LBB</subfield>
    <subfield code="b">LBB</subfield>
    <subfield code="c">B138</subfield>
    <subfield code="d">2015-11-13</subfield>
    <subfield code="o">FOR VUN 2009 B138 Or.1</subfield>
    <subfield code="p">RUA026140</subfield>
    <subfield code="r">2015-11-13</subfield>
    <subfield code="w">2015-11-13</subfield>
    <subfield code="y">FOR</subfield>
  </datafield>
  <datafield tag="952" ind1=" " ind2=" ">
    <subfield code="0">0</subfield>
    <subfield code="1">0</subfield>
    <subfield code="2">ddc</subfield>
    <subfield code="4">0</subfield>
    <subfield code="6">FOR_VUN_2009_000000000000000_B138_OR_2</subfield>
    <subfield code="7">0</subfield>
    <subfield code="9">16137</subfield>
    <subfield code="a">LBB</subfield>
    <subfield code="b">LBB</subfield>
    <subfield code="c">B138</subfield>
    <subfield code="d">2015-11-13</subfield>
    <subfield code="o">FOR VUN 2009 B138 Or.2</subfield>
    <subfield code="p">RUA026060</subfield>
    <subfield code="r">2015-11-13</subfield>
    <subfield code="w">2015-11-13</subfield>
    <subfield code="y">FOR</subfield>
  </datafield>
  <datafield tag="952" ind1=" " ind2=" ">
    <subfield code="0">0</subfield>
    <subfield code="1">0</subfield>
    <subfield code="2">ddc</subfield>
    <subfield code="4">0</subfield>
    <subfield code="6">FOR_VUN_2009_000000000000000_B138_OR_3</subfield>
    <subfield code="7">0</subfield>
    <subfield code="9">16138</subfield>
    <subfield code="a">LBB</subfield>
    <subfield code="b">LBB</subfield>
    <subfield code="c">B138</subfield>
    <subfield code="d">2015-11-13</subfield>
    <subfield code="o">FOR VUN 2009 B138 Or.3</subfield>
    <subfield code="p">RUA026132</subfield>
    <subfield code="r">2015-11-13</subfield>
    <subfield code="w">2015-11-13</subfield>
    <subfield code="y">FOR</subfield>
  </datafield>
  <datafield tag="952" ind1=" " ind2=" ">
    <subfield code="0">0</subfield>
    <subfield code="1">0</subfield>
    <subfield code="2">ddc</subfield>
    <subfield code="4">0</subfield>
    <subfield code="6">FOR_VUN_2009_000000000000000_B138_OR_4</subfield>
    <subfield code="7">0</subfield>
    <subfield code="9">16139</subfield>
    <subfield code="a">LBB</subfield>
    <subfield code="b">LBB</subfield>
    <subfield code="c">B138</subfield>
    <subfield code="d">2015-11-13</subfield>
    <subfield code="o">FOR VUN 2009 B138 Or.4</subfield>
    <subfield code="p">RUA026068</subfield>
    <subfield code="r">2015-11-13</subfield>
    <subfield code="w">2015-11-13</subfield>
    <subfield code="y">FOR</subfield>
  </datafield>
  <datafield tag="952" ind1=" " ind2=" ">
    <subfield code="0">0</subfield>
    <subfield code="1">0</subfield>
    <subfield code="2">ddc</subfield>
    <subfield code="4">0</subfield>
    <subfield code="6">FOR_VUN_2009_000000000000000_B138_OR_5</subfield>
    <subfield code="7">0</subfield>
    <subfield code="9">16140</subfield>
    <subfield code="a">LBB</subfield>
    <subfield code="b">LBB</subfield>
    <subfield code="c">B138</subfield>
    <subfield code="d">2015-11-13</subfield>
    <subfield code="o">FOR VUN 2009 B138 Or.5</subfield>
    <subfield code="p">RUA026057</subfield>
    <subfield code="r">2015-11-13</subfield>
    <subfield code="w">2015-11-13</subfield>
    <subfield code="y">FOR</subfield>
  </datafield>
  <datafield tag="952" ind1=" " ind2=" ">
    <subfield code="0">0</subfield>
    <subfield code="1">0</subfield>
    <subfield code="2">ddc</subfield>
    <subfield code="4">0</subfield>
    <subfield code="6">FOR_VUN_2009_000000000000000_B138_OR_6</subfield>
    <subfield code="7">0</subfield>
    <subfield code="9">16141</subfield>
    <subfield code="a">LBB</subfield>
    <subfield code="b">LBB</subfield>
    <subfield code="c">B138</subfield>
    <subfield code="d">2015-11-13</subfield>
    <subfield code="o">FOR VUN 2009 B138 Or.6</subfield>
    <subfield code="p">RUA026346</subfield>
    <subfield code="r">2015-11-13</subfield>
    <subfield code="w">2015-11-13</subfield>
    <subfield code="y">FOR</subfield>
  </datafield>
  <datafield tag="952" ind1=" " ind2=" ">
    <subfield code="0">0</subfield>
    <subfield code="1">0</subfield>
    <subfield code="2">ddc</subfield>
    <subfield code="4">0</subfield>
    <subfield code="6">FOR_VUN_2009_000000000000000_B138_OR_7</subfield>
    <subfield code="7">0</subfield>
    <subfield code="9">16142</subfield>
    <subfield code="a">LBB</subfield>
    <subfield code="b">LBB</subfield>
    <subfield code="c">B138</subfield>
    <subfield code="d">2015-11-13</subfield>
    <subfield code="o">FOR VUN 2009 B138 Or.7</subfield>
    <subfield code="p">RUA026418</subfield>
    <subfield code="r">2015-11-13</subfield>
    <subfield code="w">2015-11-13</subfield>
    <subfield code="y">FOR</subfield>
  </datafield>
  <datafield tag="952" ind1=" " ind2=" ">
    <subfield code="0">0</subfield>
    <subfield code="1">0</subfield>
    <subfield code="2">ddc</subfield>
    <subfield code="4">0</subfield>
    <subfield code="6">FOR_VUN_2009_000000000000000_B138_OR_8</subfield>
    <subfield code="7">0</subfield>
    <subfield code="9">16143</subfield>
    <subfield code="a">LBB</subfield>
    <subfield code="b">LBB</subfield>
    <subfield code="c">B138</subfield>
    <subfield code="d">2015-11-13</subfield>
    <subfield code="o">FOR VUN 2009 B138 Or.8</subfield>
    <subfield code="p">RUA026415</subfield>
    <subfield code="r">2015-11-13</subfield>
    <subfield code="w">2015-11-13</subfield>
    <subfield code="y">FOR</subfield>
  </datafield>
  <datafield tag="952" ind1=" " ind2=" ">
    <subfield code="0">0</subfield>
    <subfield code="1">0</subfield>
    <subfield code="2">ddc</subfield>
    <subfield code="4">0</subfield>
    <subfield code="6">FOR_VUN_2009_000000000000000_B138_OR_9</subfield>
    <subfield code="7">0</subfield>
    <subfield code="9">16144</subfield>
    <subfield code="a">LBB</subfield>
    <subfield code="b">LBB</subfield>
    <subfield code="c">B138</subfield>
    <subfield code="d">2015-11-13</subfield>
    <subfield code="o">FOR VUN 2009 B138 Or.9</subfield>
    <subfield code="p">RUA026344</subfield>
    <subfield code="r">2015-11-13</subfield>
    <subfield code="w">2015-11-13</subfield>
    <subfield code="y">FOR</subfield>
  </datafield>
  <datafield tag="952" ind1=" " ind2=" ">
    <subfield code="0">0</subfield>
    <subfield code="1">0</subfield>
    <subfield code="2">ddc</subfield>
    <subfield code="4">0</subfield>
    <subfield code="6">FOR_VUN_2009_000000000000000_B138_OR_10</subfield>
    <subfield code="7">0</subfield>
    <subfield code="9">16145</subfield>
    <subfield code="a">LBB</subfield>
    <subfield code="b">LBB</subfield>
    <subfield code="c">B138</subfield>
    <subfield code="d">2015-11-13</subfield>
    <subfield code="l">1</subfield>
    <subfield code="o">FOR VUN 2009 B138 Or.10</subfield>
    <subfield code="p">RUA026416</subfield>
    <subfield code="r">2019-10-16</subfield>
    <subfield code="s">2019-10-02</subfield>
    <subfield code="w">2015-11-13</subfield>
    <subfield code="y">FOR</subfield>
  </datafield>
</record>
